000 00330nam a2200133Ia 4500
008 240624s9999 xx 000 0 und d
041 _aeng
082 _a413 MAR
100 _aMARSHALL JOHN F
245 _aDICTIONARY OF FINANCIAL ENGINEERING
260 _c2000
_aNew York
_bJohn Wiley and Sons
300 _a304 : p.
365 _c
999 _c15354
_d15354